Advanced strength of materials (Record no. 6074)

000 -LEADER
fixed length control field 00525nam a2200193 4500
001 - CONTROL NUMBER
control field 6074
003 - CONTROL NUMBER IDENTIFIER
control field BD-DhHUET
008 - FIXED-LENGTH DATA ELEMENTS--GENERAL INFORMATION
fixed length control field 790809s1952 nyua 001 0 eng
020 ## - INTERNATIONAL STANDARD BOOK NUMBER
International Standard Book Number 070164002
040 ## - CATALOGING SOURCE
Original cataloging agency DLC
Transcribing agency DLC
Modifying agency BD-DhHUET
082 ## - DEWEY DECIMAL CLASSIFICATION NUMBER
Classification number 620.11
Item number DEN/1952
100 1# - MAIN ENTRY--PERSONAL NAME
Personal name Den Hartog, J. P.
245 10 - TITLE STATEMENT
Title Advanced strength of materials
Statement of responsibility, etc. by Den Hartog, J. P.
250 ## - EDITION STATEMENT
Edition statement 1st ed.
260 ## - PUBLICATION, DISTRIBUTION, ETC. (IMPRINT)
Place of publication, distribution, etc. New York
Name of publisher, distributor, etc. McGraw-Hill
Date of publication, distribution, etc. 1952
300 ## - PHYSICAL DESCRIPTION
Extent ix,379 p.
Other physical details illus.
Dimensions 24 cm.
650 #0 - SUBJECT ADDED ENTRY--TOPICAL TERM
Topical term or geographic name as entry element Strength of materials: engineering
942 ## - ADDED ENTRY ELEMENTS (KOHA)
Koha item type General Book
Holdings
Price effective from Shelving location Piece designation (barcode) Withdrawn status Koha normalized classification for sorting Source of classification or shelving scheme Lost status Koha full call number Copy number Not for loan Location (home branch) Date acquired Koha date last seen Koha item type Sublocation or collection (holding branch) Damaged status
2014-11-30Circulation section87925 620_000000000000000_11DEN1952  620.11/DEN/19521 Central Library, BUET2014-11-302014-11-30General BookCentral Library, BUET 
2015-04-23Circulation section29906 620_110000000000000_DEN_1952  620.11/DEN/19522 Central Library, BUET2015-04-232015-04-23General BookCentral Library, BUET 
2015-04-23Circulation section29901 620_110000000000000_DEN_1952  620.11/DEN/19523 Central Library, BUET2015-04-232015-04-23General BookCentral Library, BUET 
2015-04-23Circulation section34760 620_110000000000000_DEN_1952  620.11/DEN/19524 Central Library, BUET2015-04-232015-04-23General BookCentral Library, BUET 
2015-04-23Circulation section29903 620_110000000000000_DEN_1952  620.11/DEN/19525 Central Library, BUET2015-04-232015-04-23General BookCentral Library, BUET 
2015-04-23Circulation section34761 620_110000000000000_DEN_1952  620.11/DEN/19526 Central Library, BUET2015-04-232015-04-23General BookCentral Library, BUET 
2015-04-23Circulation section29908 620_110000000000000_DEN_1952  620.11/DEN/19527 Central Library, BUET2015-04-232015-04-23General BookCentral Library, BUET 
2015-04-23Circulation section29905 620_110000000000000_DEN_1952  620.11/DEN/19528 Central Library, BUET2015-04-232015-04-23General BookCentral Library, BUET 
2015-04-23Circulation section29904 620_110000000000000_DEN_1952  620.11/DEN/19529 Central Library, BUET2015-04-232015-04-23General BookCentral Library, BUET 
2015-04-25Circulation section34762 620_110000000000000_DEN_1952  620.11/DEN/195210 Central Library, BUET2015-04-252015-04-25General BookCentral Library, BUET 
2015-04-25Circulation section29907 620_110000000000000_DEN_1952  620.11/DEN/195211 Central Library, BUET2015-04-252015-04-25General BookCentral Library, BUET